000 00515nam a22001697a 4500
005 20251108164338.0
008 250721s1999 xx 000 0 ara d
082 1 4 _a340/مهد
100 1 _aالمهداوي، علي أحمد
245 1 0 _aالقانون في حياتنا :
_bثقافة قانونية عامة /
264 1 _aاربد :
_bمطبعة الروزنا،
_c1999.
300 _a247ص
650 1 7 _aالقانون
700 1 _aالعبيدي، علي هادي
942 _2ddc
_cBK
999 _c9885
_d9885